<?xml version="1.0" encoding="UTF-8"?>
<record
    xmlns:xsi="http://www.w3.org/2001/XMLSchema-instance"
    xsi:schemaLocation="http://www.loc.gov/MARC21/slim http://www.loc.gov/standards/marcxml/schema/MARC21slim.xsd"
    xmlns="http://www.loc.gov/MARC21/slim">

  <leader>00607nam a22002057a 4500</leader>
  <controlfield tag="008">240606b        mp ||||| |||| 00| 0 mon d</controlfield>
  <datafield tag="035" ind1=" " ind2=" ">
    <subfield code="a">18965</subfield>
  </datafield>
  <datafield tag="040" ind1=" " ind2=" ">
    <subfield code="a">BU0183120</subfield>
    <subfield code="b">mon</subfield>
    <subfield code="c">MN-UlNLM</subfield>
    <subfield code="d">MN-UlNLM</subfield>
    <subfield code="e">rda</subfield>
  </datafield>
  <datafield tag="041" ind1=" " ind2=" ">
    <subfield code="a">mon</subfield>
  </datafield>
  <datafield tag="084" ind1=" " ind2=" ">
    <subfield code="2">NNA</subfield>
    <subfield code="a">28.69(0)</subfield>
    <subfield code="b">&#x41A; 921</subfield>
  </datafield>
  <datafield tag="100" ind1=" " ind2=" ">
    <subfield code="a">&#x41A;&#x443;&#x43F;&#x43F;&#x44D;&#x440; &#x425;.</subfield>
  </datafield>
  <datafield tag="245" ind1=" " ind2="0">
    <subfield code="a">&#x425;&#x43E;&#x432;&#x43E;&#x440;&#x434;&#x441;&#x43E;&#x43D; &#x430;&#x43D; &#x430;&#x43C;&#x44C;&#x442;&#x430;&#x43D;</subfield>
  </datafield>
  <datafield tag="264" ind1=" " ind2=" ">
    <subfield code="a">&#x423;&#x43B;&#x430;&#x430;&#x43D;&#x431;&#x430;&#x430;&#x442;&#x430;&#x440;</subfield>
    <subfield code="b">&#x41C;&#x43E;&#x43D;&#x441;&#x443;&#x434;&#x430;&#x440; &#x445;&#x44D;&#x432;&#x43B;&#x44D;&#x43B;&#x438;&#x439;&#x43D; &#x433;&#x430;&#x437;&#x430;&#x440;</subfield>
    <subfield code="c">2005</subfield>
  </datafield>
  <datafield tag="300" ind1=" " ind2=" ">
    <subfield code="a">20 &#x445;.</subfield>
  </datafield>
  <datafield tag="336" ind1=" " ind2=" ">
    <subfield code="2">rdacontent</subfield>
    <subfield code="a">text</subfield>
    <subfield code="b">txt</subfield>
  </datafield>
  <datafield tag="337" ind1=" " ind2=" ">
    <subfield code="2">rdamedia</subfield>
    <subfield code="a">unmediated</subfield>
    <subfield code="b">n</subfield>
  </datafield>
  <datafield tag="338" ind1=" " ind2=" ">
    <subfield code="2">rdacarrier</subfield>
    <subfield code="a">volume</subfield>
    <subfield code="b">nc</subfield>
  </datafield>
  <datafield tag="490" ind1=" " ind2=" ">
    <subfield code="v">0</subfield>
  </datafield>
  <datafield tag="942" ind1=" " ind2=" ">
    <subfield code="2">NNA</subfield>
    <subfield code="c">BK</subfield>
  </datafield>
  <datafield tag="952" ind1=" " ind2=" ">
    <subfield code="0">0</subfield>
    <subfield code="1">0</subfield>
    <subfield code="4">0</subfield>
    <subfield code="6">28690_286</subfield>
    <subfield code="7">0</subfield>
    <subfield code="8">BU0184</subfield>
    <subfield code="a">BU0183120</subfield>
    <subfield code="b">BU0183120</subfield>
    <subfield code="c">BU0184</subfield>
    <subfield code="d">2024-06-08</subfield>
    <subfield code="g">625.00</subfield>
    <subfield code="l">0</subfield>
    <subfield code="o">28.69(0)  28.6</subfield>
    <subfield code="p">BU01818965-2-1</subfield>
    <subfield code="r">2024-06-08</subfield>
    <subfield code="t">79382</subfield>
    <subfield code="y">BK</subfield>
  </datafield>
  <datafield tag="952" ind1=" " ind2=" ">
    <subfield code="0">0</subfield>
    <subfield code="1">0</subfield>
    <subfield code="4">0</subfield>
    <subfield code="6">28690_286&#x42F;5</subfield>
    <subfield code="7">0</subfield>
    <subfield code="8">BU0184</subfield>
    <subfield code="a">BU0183120</subfield>
    <subfield code="b">BU0183120</subfield>
    <subfield code="c">BU0184</subfield>
    <subfield code="d">2024-06-08</subfield>
    <subfield code="g">625.00</subfield>
    <subfield code="l">0</subfield>
    <subfield code="o">28.69(0)  28.6&#x44F;5</subfield>
    <subfield code="p">BU01818965-2-4</subfield>
    <subfield code="r">2024-06-08</subfield>
    <subfield code="t">77501</subfield>
    <subfield code="y">BK</subfield>
  </datafield>
  <datafield tag="952" ind1=" " ind2=" ">
    <subfield code="0">0</subfield>
    <subfield code="1">0</subfield>
    <subfield code="4">0</subfield>
    <subfield code="6">28690_845&#x41C;&#x41E;&#x41D;</subfield>
    <subfield code="7">0</subfield>
    <subfield code="8">BU0184</subfield>
    <subfield code="a">BU0183120</subfield>
    <subfield code="b">BU0183120</subfield>
    <subfield code="c">BU0184</subfield>
    <subfield code="d">2024-06-08</subfield>
    <subfield code="g">800.00</subfield>
    <subfield code="l">0</subfield>
    <subfield code="o">28.69(0)  84(5&#x41C;&#x43E;&#x43D;)</subfield>
    <subfield code="p">BU01818965-2-5</subfield>
    <subfield code="r">2024-06-08</subfield>
    <subfield code="t">85737</subfield>
    <subfield code="y">BK</subfield>
  </datafield>
  <datafield tag="952" ind1=" " ind2=" ">
    <subfield code="0">0</subfield>
    <subfield code="1">0</subfield>
    <subfield code="4">0</subfield>
    <subfield code="6">28690_8235&#x41C;&#x41E;&#x41D;</subfield>
    <subfield code="7">0</subfield>
    <subfield code="8">BU0184</subfield>
    <subfield code="a">BU0183120</subfield>
    <subfield code="b">BU0183120</subfield>
    <subfield code="c">BU0184</subfield>
    <subfield code="d">2024-06-08</subfield>
    <subfield code="g">625.00</subfield>
    <subfield code="l">0</subfield>
    <subfield code="o">28.69(0)  82.3(5&#x41C;&#x43E;&#x43D;)</subfield>
    <subfield code="p">BU01818965-2-6</subfield>
    <subfield code="r">2024-06-08</subfield>
    <subfield code="t">77502</subfield>
    <subfield code="y">BK</subfield>
  </datafield>
  <datafield tag="952" ind1=" " ind2=" ">
    <subfield code="0">0</subfield>
    <subfield code="1">0</subfield>
    <subfield code="4">0</subfield>
    <subfield code="6">28690_845&#x41C;&#x41E;&#x41D;9</subfield>
    <subfield code="7">0</subfield>
    <subfield code="8">BU0184</subfield>
    <subfield code="a">BU0183120</subfield>
    <subfield code="b">BU0183120</subfield>
    <subfield code="c">BU0184</subfield>
    <subfield code="d">2024-06-08</subfield>
    <subfield code="g">625.00</subfield>
    <subfield code="l">0</subfield>
    <subfield code="o">28.69(0)  84(5&#x41C;&#x43E;&#x43D;)-9</subfield>
    <subfield code="p">BU01818965-2-7</subfield>
    <subfield code="r">2024-06-08</subfield>
    <subfield code="t">77503</subfield>
    <subfield code="y">BK</subfield>
  </datafield>
  <datafield tag="999" ind1=" " ind2=" ">
    <subfield code="c">818262</subfield>
    <subfield code="d">818319</subfield>
  </datafield>
</record>
